000 00990nam a2200217 a 4500
001 000218852
003 AM-YeHGA
005 20250618071513.0
008 030417s1895 ru |||||||||||||||||arm|d
040 _aAM-YeHGA
041 0 _aarm
100 1 _aՏուրգենև, Ի.Ս.
245 1 0 _aԱրձակ բանաստեղծություններ /
_cԻ.Ս. Տուրգենև ; Թարգմ.՝ Ալ. Ծատուրյան.
260 _aՄոսկվա :
_bտպ. Բ. Բարխուդարյան,
_c1895.
300 _a166 էջ ;
_c16 սմ.
501 _aԱլիգ. 3 : Կազմված է՝ Օլիվեր Գոլդտշմիդտ՝ Գյուղն ամայի.- Վենիս,1871 ; Ջ.Գ. Բայրոն՝ Ծովահենը.-Թեհրան,1911 ; Անակրեոն՝ Տաղք Անակրեոնի.-Կ.Պոլիս,1871
650 1 4 _aՌուս գրականություն
_xՊոեզիա
700 1 _aԾատուրյան, Ալեքսանդր Հովսեփի,
_d1865-1917
_eթարգմ.
_4trl
_91663
942 _2udc
_cBK
090 _c77939
999 _c76699
_d76699